=LDR 00000nam 2200000 4500 =001 INLIS000000000001454 =005 20130612085845 =008 ***********************************Ind** =035 ##$$0010-061300000001454 =041 ##$$a Ind =082 ##$$a 811.598 =090 ##$$a 811.598, Sit-w =100 ##$$a SITUMORANG, Sitor =245 ##$$a Wajah tak bernama, Sitor Situmorang =260 ##$$a 1995 $b Jakarta =300 ##$$a 29 hlm, 18 cm =650 ##$$a Kesusastraan - Puisi Indonesia =850 ##$$a NBPNMAT